000 00265nam a22001217a 4500
020 _a9780030749611
041 _aeng
080 _a62
090 _bMCF
100 _aMcFadden, Charles.
245 _aSciencePlus: Technology and Society [Red Level].
999 _c281460
_d281460
942 _cBK